Anar al contingut
VuFind
Idioma
English
Deutsch
Español
Français
Italiano
日本語
Nederlands
Português
Português (Brasil)
中文(简体)
中文(繁體)
Türkçe
עברית
Gaeilge
Cymraeg
Ελληνικά
Català
Euskara
Русский
Čeština
Suomi
Svenska
polski
Dansk
slovenščina
اللغة العربية
বাংলা
Galego
Tiếng Việt
Hrvatski
हिंदी
Tots els camps
Títol
Autor
Matèria
Signatura
ISBN/ISSN
Etiqueta
Trobar
Avançada
Cerca
Handbook of HPLC, 2nd ed
Citar
Enviar per correu electrònic aquest
Imprimir
Exportar registre
Exportar a RefWorks
Exportar a EndNoteWeb
Exportar a EndNote
permanent_link
Carregant...
Handbook of HPLC, 2nd ed
Dades bibliogràfiques
Autor principal:
Corradini, Danilo
Fons
Descripció
Ítems similars
Visualització del personal
LEADER
00182 a2200097 4500
020
260
942
|c
BB
|6
_
245
|a
Handbook of HPLC, 2nd ed
100
|a
Corradini, Danilo
999
|c
57568
|d
57568
Ítems similars
Handbook of HPLC
per: Elena Katz
Publicat: (1998)
Handbook of HPLC /
Publicat: (2011)
Handbook of HPLC /
Publicat: (2010)
Handbook of HPLC /
Publicat: (2010)
HPLC : practical and industrial applications /
Publicat: (2001)
Carregant...